| 000 | 00942nam a2200241Ia 4500 | ||
|---|---|---|---|
| 003 | OSt | ||
| 005 | 20220923213534.0 | ||
| 006 | a|||||r|||| 00| 0 | ||
| 007 | ta | ||
| 008 | 220922b |||||||| |||| 00| 0 hin d | ||
| 024 | _a162,719 | ||
| 037 | _cTextual | ||
| 040 |
_aARTS _cARTS _bhin |
||
| 041 |
_2hin _ahin |
||
| 082 | _aO152,6N15:g, K5 | ||
| 100 | _aघोष, श्यामसुंदर | ||
| 245 | 0 |
_aउपन्यासकार प्रेमचंद _b प्रेमचंद की मूल प्रवृतियों का विश्लेषणात्मक अध्ययन |
|
| 246 | _aUpanyāsakār premachanda: premachanda kī mūl pravṛutiyoan kā vishleṣhaṇātmak adhyayana | ||
| 260 | _c1964 | ||
| 650 |
_aहिन्दी साहित्य _9156264 |
||
| 942 |
_hO152,6N15:g, K5 _cTEXL _2CC |
||
| 999 |
_c317199 _d317199 |
||